00756nam a22002177a 4500003000900000008004100009040007100050082001800121100002100139245004000160260003800200300004000238505009800278650001700376650002600393650002700419700002500446700002500471700002000496700002200516AR-CdUCM190226b ||||| |||| 00| 0 spa d aMUNICIPALIDAD PROVINCIAL DEL CUSCOcBIBLIOTECA MUNICIPAL DEL CUSCO a940.53 /bR81 aRommel, Mariscal aMemorias :bLos Años de Derrota / aMéxico :bZarco, S. A. ;c1955. a313 páginas bfotografíasc20cm aContenido : La ruptura a través de mosa -- el cerco de cierra -- La ruptura por el somme... aFrancia 1940 aCampaña de África aSegunda guerra mundial aLiddell Hart, B. H.  aRommel, Lucie-Marie  aRommel, Manfred aBayerlein, Fritz